It looks like you're offline.
Open Library logo
additional options menu

MARC record from Internet Archive

LEADER: 01030cam a22002894a 4500
001 2002512000
003 DLC
005 20050722075924.0
008 020829s2002 enka 000 0 eng d
010 $a 2002512000
015 $aGBA2-Z5863
020 $a0471498769
035 $a(OCoLC)ocm48754031
040 $aUKM$cUKM$dDLC
042 $alccopycat
050 00 $aNA4430$b.F46 2002
082 04 $a725.1$221
100 1 $aFentress, C. W.
245 10 $aCivic builders /$cCurtis W. Fentress ; Robert Campbell ... [et al.].
260 $aChichester ;$aNew York :$bWiley-Academy,$c2002.
300 $a224 p. :$bill. ;$c32 cm.
650 0 $aMunicipal buildings.
650 0 $aArchitecture, Modern$y20th century.
700 1 $aCampbell, Robert.
856 42 $3Contributor biographical information$uhttp://www.loc.gov/catdir/bios/wiley043/2002512000.html
856 42 $3Publisher description$uhttp://www.loc.gov/catdir/description/wiley035/2002512000.html
856 41 $3Table of contents$uhttp://www.loc.gov/catdir/toc/wiley031/2002512000.html